The Amateur's lathe

Bibliographic Details
Main Author: Sparey, L.H
Format: Book
Published: Herts : Argus Books , 1993
Subjects:

MARC

LEADER 00000cam a2200000 7i4500
001 0000002596
002 000002823
005 20000330.0
020 |a 0852422881 
090 0 0 |a 621.942   |b SPA 
100 1 |a Sparey, L.H 
245 1 4 |a The Amateur's lathe   |c L.H Sparey 
260 |a Herts :   |b Argus Books ,   |c 1993 
300 |a 224p. ;   |c 22cm. 
650 0 0 |a Lathes 
650 0 0 |a Woodwork 
999 |a 036303   |b BUKU   |c PINJAMAN   |e PERPUSTAKAAN KOMUNITI PETALING JAYA